LEADER 01148nam a2200229 i 4500 001 000000178808 003 CaOOAMICUS 005 20090414000000.0 008 090414s1967 it u000 u ita u 013 $a156383 040 $aSeMil$bita 100 1 $aFedalto, Giorgio.$0(OLS)http://semarc/name/727 245 10$aRicerche storiche sulla posizione giuridica ed ecclesiastica dei greci a Venezia nei secoli 15. e 16. /$cGiorgio Fedalto. 260 $aFirenze :$bOlschki,$c1967. 300 $a159 p. ;$c24 cm. 490 0 $aCiviltà veneziana. Saggi ;$v17 500 $aContiene : Fonti e bibliografia. - In preliminari : Fondazione Giorgio Cini. Centro di cultura e civiltà. Scuola di S. Giorgio per lo studio della civiltà veneziana. 830 0$aCiviltà veneziana. Saggi ;$v17.$0(OLS)http://semarc/title/17883 850 $aSeMil 852 $aSeMil$W1$xVenegono$y1$m3A IV 125$j129578$B129578$CSeMilBibl$Z2$F141076 $81 996 $6245$aRicerche storiche sulla posizione giuridica ed ecclesiastica dei greci a Venezia nei secoli 15. e 16.$9(OLS)http://semarc/title/256816 996 $6260$aFirenze :$bOlschki$9(OLS)http://semarc/publisher/30137 LEADER 01194nam a2200277 4500 001 000000357529 003 CaOOAMICUS 005 20240312082108.0 008 240311s2024 it 000 u ita r 020 $a979-12-5962-503-8 040 $aSeMil$bita 100 1 $aMezzera, Guido.$0(OLS)http://semarc/name/119325 245 12$aL'imprevisto di uno sguardo atteso /$cGuido Mezzera. 264 1$aSiena :$bCantagalli,$c2024. 300 $a173 p. ;$c21 cm 541 0 $aOmaggio mons. Mario Delpini 650 4$aBibbia - NT - Miracoli.$0(OLS)http://semarc/subject/9407 650 4$aBibbia - NT - Vangeli - Meditazioni.$0(OLS)http://semarc/subject/459 850 $aSeMil 852 $aSeMil$W1$xVenegono$y1$m2Z I 249$j270794$B248706$CSeMilBibl$Z2$F248706 $81 941 1 $a7 961 $aOmaggio mons. Mario Delpini. ? Con dedica autografa dell?autore (Guido Mezzera) a mons. Mario Delpini Milano, 26 febbraio 2024 996 $6020$a979-12-5962-503-8$9(OLS)http://semarc/number/299952 996 $6245$aL'imprevisto di uno sguardo atteso$9(OLS)http://semarc/title/447785 996 $6264$aSiena :$bCantagalli$9(OLS)http://semarc/publisher/29767